000 00457nam a2200133Ia 4500
008 180910s9999 xx 000 0 und d
100 _aPhilippine long distance telephone company.
245 _aMetro Manila telephone directory /
245 _cPhilippine long distance telephone company.
260 _bPhilippine long distance telephone company.
260 _c2018
440 _aMetro Manila telephone directory /
650 _aDirectories -- Philippines.
999 _c358723
_d358723